[Event "Rottach Egern Seniors Cup 12th"]
[Site "Rottach Egern"]
[Date "2024.04.09"]
[Round "4"]
[White "Semisch, Helga"]
[Black "Sombetzki, Detlef"]
[Result "0-1"]
[WhiteElo "1617"]
[BlackElo "1748"]
[PlyCount "75"]
[EventDate "2024.04.06"]
[EventType "swiss"]
[EventRounds "9"]
[EventCountry "GER"]
[SourceTitle "CB16_2024"]
[SourceDate "2024.04.17"]
[SourceVersion "1"]
[SourceVersionDate "2024.04.17"]
[SourceQuality "1"]

1. e4 c5 2. Nf3 d6 3. Bc4 Nc6 4. Ng5 e6 5. d3 h6 6. Nf3 Nf6 7. a3 Be7 8. 0-0 0-0 9. Be3 Qc7 10. Nbd2 Bd7 11. c3 a6 12. Qc2 b5 13. Ba2 Na5 14. Bf4 e5 15. Bg3 c4 16. d4 Nc6 17. b3 cxb3 18. Bxb3 exd4 19. cxd4 Qb6 20. d5 Nd4 21. Nxd4 Qxd4 22. Rad1 Rfc8 23. Qb1 Bg4 24. Bf4 Bxd1 25. Rxd1 Ng4 26. Bg3 Rc3 27. Nf3 Qb6 28. Qb2 Rac8 29. h3 Nf6 30. e5 Ne4 31. Nd4 Nxg3 32. fxg3 dxe5 33. Re1 Qxd4+ 34. Kh2 Bd6 35. Rd1 Qe3 36. g4 Qg3+ 37. Kh1 e4 38. Kg1 0-1

[Event "Rottach Egern Seniors Cup 12th"]
[Site "Rottach Egern"]
[Date "2024.04.08"]
[Round "3"]
[White "Chochoy, Patrick"]
[Black "Semisch, Helga"]
[Result "1/2-1/2"]
[WhiteElo "1729"]
[BlackElo "1617"]
[PlyCount "69"]
[EventDate "2024.04.06"]
[EventType "swiss"]
[EventRounds "9"]
[EventCountry "GER"]
[SourceTitle "CB16_2024"]
[SourceDate "2024.04.17"]
[SourceVersion "1"]
[SourceVersionDate "2024.04.17"]
[SourceQuality "1"]

1. e4 c6 2. d4 d5 3. e5 e6 4. Bd3 f5 5. Nf3 Ne7 6. 0-0 Ng6 7. Be3 Be7 8. Nc3 0-0 9. Bd2 Nd7 10. Ne2 Nh4 11. Nxh4 Bxh4 12. Nf4 Nb6 13. b3 Bd7 14. Re1 Bg5 15. Qf3 Qe7 16. a3 c5 17. dxc5 Qxc5 18. Bb4 Qd4 19. Nh3 Bh6 20. Bxf8 Rxf8 21. Rad1 Qb2 22. a4 Bc6 23. Qe2 Qc3 24. f4 Qc5+ 25. Qf2 d4 26. c4 Rd8 27. Bf1 Nc8 28. Rd2 Qb4 29. Rxd4 Rxd4 30. Qxd4 Qxe1 31. Qd8+ Kf7 32. Qxc8 Qe3+ 33. Kh1 Qe1 34. Kg1 Qe3+ 35. Kh1 1/2-1/2

[Event "Rottach Egern Seniors Cup 11th"]
[Site "Rottach Egern"]
[Date "2023.04.15"]
[Round "1"]
[White "Balzert, Antonius"]
[Black "Semisch, Helga"]
[Result "1-0"]
[WhiteElo "1886"]
[BlackElo "1406"]
[PlyCount "29"]
[EventDate "2023.04.15"]
[EventType "swiss"]
[EventRounds "9"]
[EventCountry "GER"]
[SourceTitle "EXT 2024"]
[Source "ChessBase"]
[SourceDate "2023.10.10"]
[SourceVersion "1"]
[SourceVersionDate "2023.10.10"]
[SourceQuality "1"]

1. e4 c6 2. d4 d5 3. exd5 Qxd5 4. Nc3 Qd8 5. Bc4 e6 6. Nf3 h6 7. 0-0 f5 8. Ne5 Ne7 9. Qh5+ g6 10. Nxg6 Nxg6 11. Qxg6+ Ke7 12. Re1 Qd6 13. Qxf5 Bg7 14. Bf4 e5 15. Qf7+ 1-0

[Event "Rottach Egern Seniors Cup 10th"]
[Site "Rottach Egern"]
[Date "2022.03.31"]
[Round "6"]
[White "Bertram, Marina"]
[Black "Semisch, Helga"]
[Result "1-0"]
[WhiteElo "1304"]
[BlackElo "1464"]
[PlyCount "50"]
[EventDate "2022.03.26"]
[EventType "swiss"]
[EventRounds "9"]
[EventCountry "GER"]
[SourceTitle "CBM 207 Extra"]
[Source "ChessBase"]
[SourceDate "2022.05.31"]
[SourceVersion "1"]
[SourceVersionDate "2022.05.31"]
[SourceQuality "1"]

1. Nf3 c6 2. Nc3 d5 3. d4 Bg4 4. e3 e6 5. Be2 Bh5 6. 0-0 Bd6 7. Ne5 Bxe2 8. Nxe2 f5 9. Ng3 Nf6 10. c3 0-0 11. f4 Nbd7 12. b4 Bc7 13. Qb3 Nxe5 14. dxe5 Nd7 15. c4 a6 16. Bb2 b5 17. c5 a5 18. h4 axb4 19. Qxb4 Ba5 20. Qd4 b4 21. Rfc1 Rb8 22. Qd3 Qe7 23. Bd4 Rf7 24. Qa6 Bd8 25. Qxc6 b3 1-0

[Event "MVP-ch Seniors op 19th"]
[Site "Ostseebad Binz"]
[Date "2019.12.04"]
[Round "8"]
[White "Bachmann, Friedrich"]
[Black "Semisch, Helga"]
[Result "1-0"]
[WhiteElo "1635"]
[BlackElo "1487"]
[PlyCount "91"]
[EventDate "2019.11.27"]
[EventType "swiss"]
[EventRounds "9"]
[EventCountry "GER"]
[SourceTitle "EXT 2021"]
[Source "ChessBase"]
[SourceDate "2020.10.23"]
[SourceVersion "1"]
[SourceVersionDate "2020.10.23"]
[SourceQuality "1"]

1. e4 c6 2. Nc3 d5 3. exd5 cxd5 4. d4 e6 5. Nf3 Bd6 6. Bd2 f5 7. Nb5 Nf6 8. Nxd6+ Qxd6 9. Ne5 0-0 10. a3 Qb6 11. Bb4 Re8 12. f3 a5 13. Bc3 Qc7 14. a4 b6 15. Bd3 Ba6 16. 0-0 Nbd7 17. Qe2 Bb7 18. Bb5 Bc8 19. Rac1 Rd8 20. Nc6 Re8 21. Ne5 Re7 22. Rfe1 Nh5 23. Bd2 Qd8 24. Bg5 Nhf6 25. Nc6 Qf8 26. Nxe7+ Qxe7 27. Qxe6+ Qf7 28. Bxf6 Nxf6 29. Qxf7+ Kxf7 30. Re2 Ra7 31. Rce1 Kg6 32. Re7 Ra8 33. c4 dxc4 34. Bxc4 Ba6 35. Bf7+ Kh6 36. R1e5 Bd3 37. Kf2 Rc8 38. Ke3 Bc2 39. R7e6 Rb8 40. h4 Bb3 41. Re7 Bxa4 42. Rxf5 Bc2 43. Rb5 Ba4 44. Rbe5 b5 45. g4 Ng8 46. Rh5# 1-0

[Event "MVP-ch Seniors op 19th"]
[Site "Ostseebad Binz"]
[Date "2019.12.03"]
[Round "7"]
[White "Mahrla, Hans"]
[Black "Semisch, Helga"]
[Result "1-0"]
[WhiteElo "1734"]
[BlackElo "1487"]
[PlyCount "139"]
[EventDate "2019.11.27"]
[EventType "swiss"]
[EventRounds "9"]
[EventCountry "GER"]
[SourceTitle "EXT 2021"]
[Source "ChessBase"]
[SourceDate "2020.10.23"]
[SourceVersion "1"]
[SourceVersionDate "2020.10.23"]
[SourceQuality "1"]

1. e4 c6 2. f4 e6 3. Nf3 d5 4. e5 Bc5 5. d4 Bb6 6. c3 f5 7. Be2 Ne7 8. 0-0 0-0 9. Be3 Bd7 10. b4 Be8 11. a4 Nd7 12. a5 Bc7 13. Nbd2 Ng6 14. Ng5 Qe7 15. Bh5 h6 16. Nh3 b6 17. Qe1 bxa5 18. bxa5 c5 19. Nf3 Rb8 20. Qg3 Nh8 21. Bxe8 Rbxe8 22. Qf2 c4 23. Rfb1 Qd8 24. a6 Rf7 25. Rb7 Bb8 26. Bc1 Ng6 27. Qa2 Ne7 28. Nh4 Kh7 29. Ba3 Ng6 30. Nxg6 Kxg6 31. Bc5 Nxc5 32. Rxf7 Kxf7 33. dxc5 Qc8 34. Qa5 Bc7 35. Qb5 Kg8 36. Qc6 Rd8 37. Rb1 Ba5 38. Qxc8 Rxc8 39. Rb7 Bxc3 40. Rxa7 Bd4+ 41. Kf1 Bxc5 42. Rb7 Ra8 43. Rc7 Bb6 44. Rc6 Rxa6 45. Rxe6 Ra1+ 46. Ke2 d4 47. Rxb6 d3+ 48. Kd2 Ra2+ 49. Kd1 d2 50. Rd6 c3 51. e6 Kf8 52. Rd3 Ra3 53. Kc2 Ke7 54. Nf2 Kxe6 55. Nd1 Ra1 56. Nxc3 Rc1+ 57. Kxd2 Rg1 58. Rg3 g5 59. fxg5 hxg5 60. Ne2 f4 61. Rg4 Kf5 62. h3 Ra1 63. Nd4+ Kg6 64. Nf3 Ra2+ 65. Ke1 Ra1+ 66. Ke2 Ra2+ 67. Kf1 Ra1+ 68. Kf2 Ra2+ 69. Kg1 Ra1+ 70. Kh2 1-0

[Event "GER-ch Seniors 65"]
[Site "Hamburg"]
[Date "2018.07.24"]
[Round "4"]
[White "Semisch, Helga"]
[Black "Moews, Harald"]
[Result "1/2-1/2"]
[WhiteElo "1531"]
[BlackElo "1772"]
[PlyCount "83"]
[EventDate "2018.07.21"]
[EventType "swiss"]
[EventRounds "9"]
[EventCountry "GER"]
[SourceTitle "CBM 186 Extra"]
[Source "ChessBase"]
[SourceDate "2018.08.24"]
[SourceVersion "1"]
[SourceVersionDate "2018.08.24"]
[SourceQuality "1"]

1. d4 d5 2. e3 e6 3. Bd3 Be7 4. Nd2 f5 5. Ngf3 Nh6 6. Ne5 0-0 7. 0-0 a6 8. c4 c6 9. Nb3 Nd7 10. Nxd7 Bxd7 11. cxd5 cxd5 12. Bd2 Ng4 13. f3 Nf6 14. Nc5 Bc6 15. Qb3 b6 16. Na4 b5 17. Nc5 Bxc5 18. dxc5 Bd7 19. Rac1 Bc6 20. a3 Nd7 21. Qb4 Qe7 22. Be1 a5 23. Qc3 Rfb8 24. b4 axb4 25. Qxb4 Ra4 26. Qb2 g6 27. Bb4 e5 28. Bc2 Raa8 29. e4 fxe4 30. fxe4 d4 31. Bb3+ Kh8 32. Rf7 Qg5 33. Be6 Qe3+ 34. Kh1 Rd8 35. Re1 Qg5 36. Bd2 Qh5 37. h3 Nxc5 38. Bg4 Qh4 39. Rc7 Nd3 40. Qb1 Nf2+ 41. Kg1 Rdc8 42. Bxc8 1/2-1/2

[Event "Hessen-ch Seniors op 11th"]
[Site "Bad Sooden-Allendorf"]
[Date "2015.05.11"]
[Round "3"]
[White "Semisch, Helga"]
[Black "Pastowski, Werner"]
[Result "1-0"]
[WhiteElo "1569"]
[BlackElo "1741"]
[PlyCount "46"]
[EventDate "2015.05.09"]
[EventType "swiss"]
[EventRounds "9"]
[EventCountry "GER"]
[SourceTitle "EXT 2018"]
[Source "ChessBase"]
[SourceDate "2017.10.13"]
[SourceVersion "1"]
[SourceVersionDate "2017.10.13"]
[SourceQuality "1"]

1. d4 d5 2. e3 Nf6 3. Bd3 c6 4. h3 e6 5. Nd2 Nbd7 6. f4 c5 7. c3 c4 8. Bc2 b5 9. Ngf3 Bb7 10. 0-0 Be7 11. b3 b4 12. Bb2 Rc8 13. bxc4 bxc3 14. Bxc3 dxc4 15. Qb1 Nb6 16. Ba5 Qd6 17. Qb5+ Qc6 18. Qg5 0-0 19. Ne5 Qd6 20. Qg3 Qd5 21. Bc3 Bd6 22. Ng4 Nxg4 23. Qxg4 f5 1-0

[Event "Hessen-ch Seniors op 10th"]
[Site "Bad Sooden-Allendorf"]
[Date "2014.05.04"]
[Round "9"]
[White "Semisch, Helga"]
[Black "Luebbers, Doris"]
[Result "0-1"]
[WhiteElo "1576"]
[BlackElo "1555"]
[PlyCount "86"]
[EventDate "2014.04.26"]
[EventType "swiss"]
[EventRounds "9"]
[EventCountry "GER"]
[SourceTitle "EXT 2018"]
[Source "ChessBase"]
[SourceDate "2017.10.13"]
[SourceVersion "1"]
[SourceVersionDate "2017.10.13"]
[SourceQuality "1"]

1. d4 d5 2. e3 Nf6 3. Bd3 e6 4. Ne2 Bd6 5. f4 c5 6. c3 b6 7. 0-0 Bd7 8. Nd2 Nc6 9. Ng3 Ne7 10. b3 0-0 11. Nh5 Nxh5 12. Qxh5 f5 13. Nf3 Rf6 14. Qh4 Rh6 15. Qe1 Ng6 16. c4 Rc8 17. cxd5 exd5 18. Bb2 b5 19. Rc1 a6 20. a3 Be6 21. Bc3 c4 22. bxc4 dxc4 23. Bb1 Bxa3 24. Rd1 Ne7 25. Ba5 Qd7 26. Bb6 Bd6 27. Qd2 Nd5 28. Ba5 Qb7 29. Ng5 Qd7 30. e4 fxe4 31. Bxe4 Rf8 32. Qf2 Rxf4 33. Bf3 Rhf6 34. Nxe6 Qxe6 35. Rfe1 Qf7 36. Bd2 Rxf3 37. gxf3 Qg6+ 38. Kh1 c3 39. Rg1 Qf7 40. Bg5 Rxf3 41. Qa2 Rf2 42. Rgf1 Qf3+ 43. Kg1 Qg2# 0-1

[Event "Hessen-ch Seniors op 08th"]
[Site "Bad Sooden-Allendorf"]
[Date "2012.04.22"]
[Round "9"]
[White "Semisch, Helga"]
[Black "Bartl, Birgit"]
[Result "1-0"]
[WhiteElo "1594"]
[BlackElo "1508"]
[PlyCount "97"]
[EventDate "2012.04.14"]
[EventType "swiss"]
[EventRounds "9"]
[EventCountry "GER"]
[SourceTitle "EXT 2019"]
[Source "ChessBase"]
[SourceDate "2018.10.10"]
[SourceVersion "1"]
[SourceVersionDate "2018.10.10"]
[SourceQuality "1"]

1. d4 Nf6 2. e3 d5 3. Bd3 e6 4. Nd2 c6 5. Ngf3 Nbd7 6. 0-0 Bd6 7. e4 dxe4 8. Nxe4 Nxe4 9. Bxe4 Nf6 10. Bg5 0-0 11. Bd3 Be7 12. c3 Re8 13. Qc2 g6 14. Rad1 Nh5 15. Be3 Ng7 16. Be4 Bd7 17. Ne5 f5 18. Bd3 Bf6 19. Nc4 Qe7 20. Bf4 Nh5 21. Be3 b6 22. Be2 Ng7 23. Bf4 Red8 24. b3 Ne8 25. Bf3 Rac8 26. Qe2 b5 27. Ne5 Bg5 28. Qe3 Bxf4 29. Qxf4 Ng7 30. h4 Rf8 31. a4 Be8 32. g3 a6 33. Kg2 h5 34. Qh6 Qf6 35. Qd2 Rd8 36. Bxc6 Bxc6+ 37. Nxc6 Rd5 38. Nb4 Rd6 39. d5 Rfd8 40. c4 exd5 41. cxd5 Qf7 42. Qf4 Qb7 43. Kh2 Ne6 44. Qh6 Nc5 45. Qe3 Ne4 46. f3 Nf6 47. Nc2 Rxd5 48. Rxd5 Qxd5 49. axb5 1-0

[Event "Hessen-ch Seniors op 08th"]
[Site "Bad Sooden-Allendorf"]
[Date "2012.04.21"]
[Round "8"]
[White "Semisch, Helga"]
[Black "Koehler, Marianne"]
[Result "0-1"]
[WhiteElo "1594"]
[BlackElo "1657"]
[PlyCount "99"]
[EventDate "2012.04.14"]
[EventType "swiss"]
[EventRounds "9"]
[EventCountry "GER"]
[SourceTitle "EXT 2019"]
[Source "ChessBase"]
[SourceDate "2018.10.10"]
[SourceVersion "1"]
[SourceVersionDate "2018.10.10"]
[SourceQuality "1"]

1. d4 g6 2. e4 d6 3. Be3 Bg7 4. f4 Nf6 5. Bd3 Ng4 6. Qe2 Nxe3 7. Qxe3 c5 8. Nf3 cxd4 9. Nxd4 Qb6 10. Bb5+ Bd7 11. Bxd7+ Nxd7 12. Qb3 Qxd4 13. Nc3 Qe3+ 14. Kd1 Bxc3 15. bxc3 Qxe4 16. Rg1 Qc6 17. g4 Nc5 18. Qc4 Qf3+ 19. Kc1 Qc6 20. Qd4 0-0-0 21. Rb1 Qe4 22. Qf2 Qd5 23. Rb2 b6 24. f5 Ne4 25. Qe3 Qc5 26. Re1 Qxe3+ 27. Rxe3 gxf5 28. gxf5 Nf6 29. Rxe7 Rd7 30. Re3 Rg8 31. Rb3 Nd5 32. Re4 Nf6 33. Rc4+ Rc7 34. Rh4 Rg5 35. Rf4 Rg2 36. h4 Rg4 37. Rxg4 Nxg4 38. Kd2 Re7 39. Rb5 Re5 40. c4 Rxb5 41. cxb5 Kb7 42. Kd3 a6 43. c4 a5 44. a4 Kc7 45. Ke4 f6 46. Kf4 Ne5 47. Kg3 Nxc4 48. Kg4 Ne5+ 49. Kh5 Nf7 50. Kg4 0-1

[Event "Hessen-ch Seniors op 08th"]
[Site "Bad Sooden-Allendorf"]
[Date "2012.04.15"]
[Round "2"]
[White "Semisch, Helga"]
[Black "Narr, Irmgard"]
[Result "1/2-1/2"]
[WhiteElo "1594"]
[BlackElo "1776"]
[PlyCount "122"]
[EventDate "2012.04.14"]
[EventType "swiss"]
[EventRounds "9"]
[EventCountry "GER"]
[SourceTitle "EXT 2019"]
[Source "ChessBase"]
[SourceDate "2018.10.10"]
[SourceVersion "1"]
[SourceVersionDate "2018.10.10"]
[SourceQuality "1"]

1. d4 Nf6 2. e3 b6 3. Nf3 Bb7 4. Bd3 e6 5. Nbd2 Be7 6. 0-0 0-0 7. e4 d6 8. h3 c5 9. e5 dxe5 10. dxe5 Nd5 11. Ne4 h6 12. a3 Nc6 13. c4 Nc7 14. Qc2 Nd4 15. Nxd4 Qxd4 16. Bf4 Qd8 17. Rad1 Qe8 18. Qe2 Na6 19. Qg4 f5 20. exf6 Bxf6 21. Bxh6 Qe7 22. b3 Bd4 23. Bg5 Qd7 24. Ng3 Qf7 25. Rd2 Rac8 26. Qh4 g6 27. Qh6 Qg7 28. Bxg6 Nb8 29. Nh5 Qxh6 30. Bxh6 Rf5 31. Bxf5 exf5 32. Re2 Be4 33. Bf4 Nc6 34. Ng3 Bd3 35. Rfe1 Kf7 36. Rd2 Bc3 37. Red1 Bxd2 38. Rxd2 Bb1 39. Rd5 Nd4 40. Be3 Nxb3 41. Rd7+ Ke6 42. Rxa7 Na5 43. Bg5 Nxc4 44. Re7+ Kd5 45. a4 Bc2 46. h4 Nd6 47. Ra7 c4 48. a5 bxa5 49. Rxa5+ Ke6 50. Bf4 Nb7 51. Re5+ Kf6 52. Rb5 Nc5 53. Bg5+ Ke6 54. h5 Nd3 55. h6 f4 56. Ne2 Kf7 57. Bxf4 Nxf4 58. Nxf4 c3 59. Rb7+ Kf6 60. Nd5+ Ke5 61. Ne3 Be4 1/2-1/2

[Event "Hessen-ch Seniors op 07th"]
[Site "Bad Sooden-Allendorf"]
[Date "2011.05.07"]
[Round "8"]
[White "Maczollek, Helmut"]
[Black "Semisch, Helga"]
[Result "1-0"]
[WhiteElo "1441"]
[BlackElo "1256"]
[PlyCount "50"]
[EventDate "2011.04.30"]
[EventType "swiss"]
[EventRounds "9"]
[EventCountry "GER"]
[SourceTitle "EXT 2012"]
[Source "ChessBase"]
[SourceDate "2011.11.24"]
[SourceVersion "1"]
[SourceVersionDate "2011.11.24"]
[SourceQuality "1"]

1. d4 Nf6 2. Nf3 d5 3. e3 a6 4. Bd3 e6 5. Nbd2 c5 6. b3 cxd4 7. exd4 Nc6 8. Bb2 Bd6 9. 0-0 0-0 10. a3 Re8 11. Re1 Qc7 12. Ne5 Bd7 13. Ndf3 h6 14. Rc1 Nh7 15. c4 f6 16. Nxd7 Qxd7 17. Rc2 Re7 18. Rce2 Ng5 19. Nxg5 fxg5 20. Bc2 Rf8 21. Qd3 Rf6 22. Qh7+ Kf7 23. Qd3 Re8 24. Qh3 Rh8 25. cxd5 exd5 1-0